Major cases of CBI/ (Record no. 143139)

MARC details
000 -LEADER
fixed length control field 00634nam a22001937a 4500
005 - DATE AND TIME OF LATEST TRANSACTION
control field 20170808111639.0
010 ## - LCCN (DPL NO)
LC control number ENG-119532
020 ## - INTERNATIONAL STANDARD BOOK NUMBER
International Standard Book Number 9789386720016
Terms of availability 1495.00
035 ## - SYSTEM CONTROL NUMBER
System control number EN-103064
037 ## - SOURCE OF ACQUISITION
Source of stock number/acquisition DBAD/PUB
082 ## - DEWEY DECIMAL CLASSIFICATION NUMBER
Classification number 328.3420954
245 ## - TITLE STATEMENT
Title Major cases of CBI/
Statement of responsibility, etc edited by Manoj K. Singh
260 ## - PUBLICATION, DISTRIBUTION, ETC. (IMPRINT)
Place of publication, distribution, etc Ghaziabad
Name of publisher, distributor, etc Rathore Publishers and Distributors
Date of publication, distribution, etc 2018
270 ## - ADDRESS
Address Basement-260,Shaktikhand -III,Indirapuram
City Ghaziabad
Postal code 201010
300 ## - PHYSICAL DESCRIPTION
Extent vii,276p.
Dimensions 22cm(Hb)
500 ## - GENERAL NOTE
General note Includes bibliographical references and index
700 ## - ADDED ENTRY--PERSONAL NAME
Personal name Manoj K. Singh
942 ## - ADDED ENTRY ELEMENTS (KOHA)
Source of classification or shelving scheme Dewey Decimal Classification
Item type English Books
Classification part 328.3420954
Call number suffix MAJ
Holdings
Withdrawn status Lost status Not for loan Collection code Home library Current library Date acquired Source of acquisition Cost, normal purchase price Full call number Barcode Copy number Cost, replacement price Koha item type
    Not For Loan Non-fiction D.B.Act.Division Bawana 08/08/2017 DBAD/PUB 1495.00 328.3420954 MAJ EN-103064 1 1495.00 English Books

© Delhi Public Library
Hit Counter
free hit counter